Classical Music Composers - Statistics

General Stats
  • This quiz has been taken 8,497 times
    8,043 since last reset
  • The average score is 26 of 60
Answer Stats
Hint Answer % Correct
#3 Beethoven
98%
#2 Mozart
98%
#1 Bach
96%
#14 Chopin
84%
#10 Tchaikovsky
84%
#35 Vivaldi
79%
#9 Handel
77%
#6 Brahms
73%
#13 Liszt
73%
#5 Haydn
72%
#7 Schubert
70%
#4 Wagner
70%
#22 Debussy
68%
#8 Schumann
64%
#17 Stravinsky
63%
#52 Rachmaninoff
61%
#15 Verdi
61%
#44 J. Strauss
60%
#20 Richard Strauss
60%
#28 Ravel
59%
#12 Dvorak
55%
#11 Mendelssohn
55%
#27 Sibelius
54%
#19 Shostakovich
53%
#30 Grieg
52%
#23 Puccini
52%
#18 Prokofiev
51%
#16 Mahler
49%
#40 Rimsky-Korsakov
44%
#29 Rossini
44%
#55 Elgar
42%
#26 Saint-Saens
40%
#36 Bizet
38%
#60 Copland
36%
#33 Bartok
33%
#21 Berlioz
33%
#37 Mussorgsky
30%
#39 Faure
28%
#24 Bruckner
26%
#54 Purcell
26%
#43 Smetana
23%
#25 Telemann
23%
#45 Weber
23%
#58 Schoenberg
22%
#47 Borodin
20%
#57 Berg
19%
#31 Gluck
15%
#41 Donizetti
14%
#51 Glinka
13%
#59 Webern
13%
#34 Franck
12%
#38 Rameau
12%
#50 Albinoni
11%
#48 Gounod
11%
#32 Hindemith
11%
#42 Vaughn Williams
11%
#56 Delius
10%
#46 Couperin
8%
#49 Glazunov
8%
#53 Sousa
8%
No matching quizzes found
Score Distribution
Percent of People with Each Score
Percentile by Number Answered
Your Score History
You have not taken this quiz since the last reset